000 00396nam a2200157Ia 4500
008 241228s9999 xx 000 0 und d
020 _a9781032071305
082 _a621.367 UMB/D
100 _aUmbaugh, Scott E
245 0 _aDigital image enhancement, restoration and compression:
260 _aBoca Raton,
260 _bCRC Press,
260 _c2023
300 _axvii, 470p.
942 _cBK
999 _c40126
_d40126